Analýza silových pomerov v náprave Sorsya

Na minha lista:
Detalhes bibliográficos
Autor principal: Pavliš, Peter (Author)
Outros Autores: Šulko, Miroslav (Thesis advisor)
Formato: Manuscrito Livro
Idioma:eslovaco
Publicado em: 2022
Assuntos:
Acesso em linha:http://is.stuba.sk/zp/portal_zp.pl?podrobnosti=165613
Tags: Adicionar Tag
Sem tags, seja o primeiro a adicionar uma tag!

MARC

LEADER 00000ntm a22000003a 4500
001 stuzp90911
003 SK-STU
005 20220611214101.5
007 ta
008 150427s2015----xo-----f-mn---000-0-slo-d
040 |a STU  |b slo 
041 0 |a slo 
100 1 |a Pavliš, Peter  |u 020010  |k Z4  |4 aut  |U SjF Strojnícka fakulta  |T SjF Ústav aplikovanej mechaniky a mechatroniky  |X 93354  |U J0010  |Y 801  |7 93354 
242 0 1 |a Analysis of force ratios in the axle Sorsya  |y eng 
245 1 0 |a Analýza silových pomerov v náprave Sorsya 
260 |c 2022 
650 4 |a ANSYS  |2 slo 
650 4 |a matematický model  |2 slo 
650 4 |a silové pomery  |2 slo 
650 4 |a tuhosť  |2 slo 
650 4 |a náprava  |2 slo 
650 4 |a force ratios  |2 eng 
650 4 |a ANSYS  |2 eng 
650 4 |a axle  |2 eng 
650 4 |a mathematical model  |2 eng 
650 4 |a stiffness  |2 eng 
700 1 |a Šulko, Miroslav  |u 020010  |k Z1  |4 ths  |U SjF Strojnícka fakulta  |T SjF Ústav aplikovanej mechaniky a mechatroniky  |X 2207  |U J0010  |Y 801  |7 A000002207 
856 4 |u http://is.stuba.sk/zp/portal_zp.pl?podrobnosti=165613